| 000 | 00738nam a22001817a 4500 | ||
|---|---|---|---|
| 005 | 20251108175955.0 | ||
| 008 | 250721s2023 xx 000 0 ara d | ||
| 082 | 1 | 4 | _a956.7/مخت |
| 100 | 1 | _aالسويدي، خالد احمد الملا | |
| 245 | 1 | 0 |
_aمختصر البرق اليماني في الفتح العثماني : _bغزوات الجراكسة و الاتراك في جنوب الجزيرة تاريخ اليمن في القرن العاشر الهجري / |
| 264 | 1 |
_aدمشق : _bنور حوران للدراسات، _c2023. |
|
| 300 | _a560ص. | ||
| 650 | 1 | 7 | _aالتاريخ الاسلامي |
| 650 | 1 | 7 | _aالدولة العثمانية |
| 650 | 1 | 7 | _aتاريخ اليمن |
| 942 |
_2ddc _cBK |
||
| 999 |
_c146786 _d146786 |
||